| 000 | 00654nam a22002177a 4500 | ||
|---|---|---|---|
| 003 | 0 | ||
| 005 | 20240524102233.0 | ||
| 008 | 240524b xxu||||| |||| 00| 0 eng d | ||
| 020 | _a9780062245908 | ||
| 050 |
_aER _bPi655 2015 |
||
| 082 |
_aER _bPi655 2015 |
||
| 100 | _aKann, Victoria | ||
| 245 |
_aPinkalicious : school lunch _cVictoria Kann |
||
| 260 |
_aNew York _bHarper Collins Children's Book _c2015 |
||
| 300 |
_aunpaged: _bcolored illustrations ; _c21cm. |
||
| 650 | _2Cake--Pictorial works--Juvenile fiction. | ||
| 650 | _aColor--Fiction. | ||
| 650 | _aCamping--Picture Books. | ||
| 650 | _aSchool--Picture Books. | ||
| 942 |
_2ddc _cBK |
||
| 999 |
_c365994 _d365994 |
||